Nancy Drew still sleuthing! / (Record no. 9526)

MARC details
000 -LEADER
fixed length control field 01068nam a22002657a 4500
001 - CONTROL NUMBER
control field 9526
003 - CONTROL NUMBER IDENTIFIER
control field FISKH
005 - DATE AND TIME OF LATEST TRANSACTION
control field 20260119104003.0
008 - FIXED-LENGTH DATA ELEMENTS--GENERAL INFORMATION
fixed length control field 260119b cb ||||| |||| 00| 0 eng d
020 ## - INTERNATIONAL STANDARD BOOK NUMBER
International Standard Book Number 9781416933816
040 ## - CATALOGING SOURCE
Original cataloging agency FISKH
Language of cataloging eng
Transcribing agency FISKH
Modifying agency FISKH
050 ## - LIBRARY OF CONGRESS CALL NUMBER
Classification number PZ7
082 ## - DEWEY DECIMAL CLASSIFICATION NUMBER
Classification number 652.8
100 ## - MAIN ENTRY--PERSONAL NAME
Personal name Weber, Jen Funk
245 ## - TITLE STATEMENT
Title Nancy Drew still sleuthing! /
Statement of responsibility, etc. by Jen Funk Weber
260 ## - PUBLICATION, DISTRIBUTION, ETC.
Place of publication, distribution, etc. New York :
Name of publisher, distributor, etc. Simon Scribbles,
Date of publication, distribution, etc. 2007.
300 ## - PHYSICAL DESCRIPTION
Extent 63 pages :
Other physical details illustrations ;
Dimensions 20 cm
505 ## - FORMATTED CONTENTS NOTE
Formatted contents note P<br/>
520 ## - SUMMARY, ETC.
Summary, etc. Nancy Drew fans are transformed into super sleuths as they break codes,solve mystery puzzles, follow notes to case their neighborhood, and spyon unusual suspects in this new series of Nancy Drew Activity Books. With64 pages of activities, and a collectible charm necklace, Nancy Drew fanswill have hours entertainment and be on their way to becoming stylish,top-notch detectives.
521 8# - TARGET AUDIENCE NOTE
Target audience note 620<br/>
Source Lexile estimate<br/>
521 8# - TARGET AUDIENCE NOTE
Target audience note P<br/><br/>
Source Raz-Plus<br/>
650 ## - SUBJECT ADDED ENTRY--TOPICAL TERM
Topical term or geographic name entry element Chapter Book
Form subdivision Children
942 ## - ADDED ENTRY ELEMENTS (KOHA)
Source of classification or shelving scheme Dewey Decimal Classification
Koha item type Books
Suppress in OPAC No
Holdings
Withdrawn status Lost status Source of classification or shelving scheme Damaged status Not for loan Collection Home library Current library Shelving location Date acquired Total Checkouts Full call number Barcode Date last seen Copy number Price effective from Koha item type
    Dewey Decimal Classification     Juvenile Fiction Footprints International School Library Network Toul Tom Poung Campus Footprints International School Library Network Toul Tom Poung Campus TTP Primary Yellow Bookshelves 01/19/2026   WEB 652.8 PZ7 2026-0059 01/19/2026 1 01/19/2026 Books